Les Stations du Grand Paris Express sur une carte - Statistiques

Statistiques générales
  • Ce quiz a été pris 222 fois
  • Le résultat moyen est 31 sur 65
Réponses sur la Carte
Les réponses sont colorées sur une échelle allant du rouge au vert en fonction du pourcentage des utilisateurs qui les ont devinées à leur premier essai. Vous pouvez retrouver ces pourcentages ci-dessous.
 
Statistiques - réponses
Nom de Projet Nom Actuel % Correct
Saint-Denis Pleyel
86%
Aéroport d'Orly
83%
Maison Blanche Paris XIIIe Maison Blanche
77%
Villejuif Institut Gustave Roussy Villejuif Gustave Roussy
77%
Pont de Rungis Thiais – Orly
71%
Pont de Sèvres
68%
Kremlin-Bicêtre Hôpital Hôpital Bicêtre
66%
Le Bourget RER Le Bourget
66%
Chevilly Trois-Communes L'Haÿ-les-Roses
66%
La Défense
65%
Noisy – Champs
65%
Versailles Chantiers
64%
M.I.N. Porte de Thiais Chevilly-Larue
62%
Nanterre La Folie
62%
Arcueil – Cachan
61%
Massy – Palaiseau
60%
Bagneux Bagneux Lucie Aubrac
59%
Issy RER Issy
58%
Saint-Cloud
54%
Rosny Bois-Perrier
54%
Châtillon – Montrouge
53%
Mairie d'Aubervilliers
52%
Bobigny Pablo Picasso
50%
Fort d'Issy – Vanves – Clamart Clamart
50%
Le Vert de Maisons
50%
Villejuif Louis Aragon
50%
Nanterre La Boule
49%
Champigny Centre
48%
Créteil l'Échat
48%
Les Agnettes
48%
Les Ardoines
48%
Saint-Maur – Créteil
48%
Le Mesnil-Amelot Le Mesnil-Amelot
47%
Bécon-les-Bruyères
46%
Bondy
46%
CEA Saint-Aubin Christ de Saclay
46%
Triangle de Gonesse Gonesse
46%
Parc des Expositions
46%
Val de Fontenay
46%
La Courneuve Six-Routes
44%
Stade de France
44%
Aéroport Charles de Gaulle T2 Aéroport Charles de Gaulle 2 TGV
42%
Bois-Colombes
42%
Clichy – Montfermeil
42%
Fort d'Aubervilliers
42%
Sevran Beaudottes
42%
Les Grésillons
40%
Sevran – Livry
40%
Massy Opéra
38%
Nogent – Le Perreux
38%
Chelles Chelles – Gournay
37%
Pont de Bondy
36%
Satory
36%
Le Bourget Aéroport
34%
Rueil – Suresnes Mont-Valérien
33%
Saint-Quentin Est Guyancourt
33%
Vitry Centre Mairie de Vitry-sur-Seine
32%
Bry – Villiers – Champigny Villiers – Champigny – Bry
32%
Bobigny – Drancy Drancy – Bobigny
27%
Aulnay Aulnay Val Francilia
26%
Palaiseau Marguerite Perey
19%
Orsay – Gif Moulon Campus
19%
Le Blanc-Mesnil Parc du Blanc-Mesnil
19%
Antonypôle Antonypôle – Wissous Centre
18%
Aéroport Charles de Gaulle T4 Aéroport Charles de Gaulle 2e gare
11%
Aucun quiz correspondant
Distribution des résultats
% des personnes avec chaque résultat
Percentile par nombre de réponses
Votre historique - résultats
Vous n’avez pas pris ce quiz